[Event "Reykjavik Open"]
[Site "Reykjavik ISL"]
[Date "2017.04.23"]
[EventDate "2017.04.19"]
[Round "6.9"]
[Result "1/2-1/2"]
[White "Marc Esserman"]
[Black "Jorden van Foreest"]
[WhiteElo "2458"]
[BlackElo "2584"]
[PlyCount "195"]

1. e4 c6 2. d4 d5 3. e5 c5 4. dxc5 e6 5. a3 Bxc5 6. b4 Bb6
7. Bb2 Ne7 8. Nf3 a5 9. b5 a4 10. Bd3 Nd7 11. O-O Nc5 12. Nc3
Bd7 13. Rb1 Rc8 14. Ba1 Ng6 15. Ne2 O-O 16. g3 f6 17. Bxg6
hxg6 18. exf6 gxf6 19. Nf4 Be8 20. Re1 Bf7 21. Ng5 Ne4
22. Nxe4 dxe4 23. Qg4 e3 24. fxe3 g5 25. Rbd1 Qe7 26. h4 Rc5
27. c4 Rf5 28. Nd5 Rxd5 29. cxd5 exd5 30. hxg5 Bxe3+ 31. Kg2
Be6 32. Qb4 Qxb4 33. axb4 d4 34. Bxd4 Bd5+ 35. Kh2 Bxg5
36. Be3 Bb3 37. Rc1 a3 38. Rc3 Bxe3 39. Rxb3 Bd2 40. Ra1 Re8
41. Raxa3 Re5 42. Rd3 Bxb4 43. Ra8+ Kf7 44. Rd7+ Kg6 45. Rxb7
Bd6 46. Rd8 Re2+ 47. Kh3 Be5 48. Rd3 Rb2 49. Kg4 Rb4+ 50. Kf3
Kf5 51. b6 Bd4 52. Re7 Bxb6 53. Rd5+ Kg6 54. Rb7 Bc5 55. Rxb4
Bxb4 56. Ke4 Be1 57. g4 Bc3 58. Rd8 Bb2 59. Rg8+ Kf7 60. Rb8
Be5 61. Rh8 Kg6 62. Rh5 Bb2 63. Ra5 Bc3 64. Ra8 Bb2 65. Ra2
Be5 66. Rg2 Kg5 67. Rg1 Bf4 68. Rf1 Be5 69. Kf3 f5 70. gxf5
Kxf5 71. Rb1 Bd6 72. Rb5+ Be5 73. Ra5 Ke6 74. Ke4 Bg3 75. Ra6+
Kd7 76. Kd5 Kc7 77. Rg6 Bf2 78. Rg7+ Kb6 79. Rg6+ Kb7 80. Rf6
Bg3 81. Kc5 Bh2 82. Rf7+ Ka8 83. Kc6 Bb8 84. Rf1 Ba7 85. Kc7
Bb8+ 86. Kc8 Ba7 87. Rb1 Be3 88. Rb3 Ba7 89. Kc7 Bf2 90. Rf3
Bd4 91. Rf5 Be3 92. Rf8+ Ka7 93. Rf3 Bb6+ 94. Kc6 Bd4 95. Rf7+
Ka8 96. Rd7 Be5 97. Kb6 Bb8 98. Rd8 1/2-1/2

[Event "Reykjavik Open"]
[Site "Reykjavik ISL"]
[Date "2017.04.23"]
[EventDate "2017.04.19"]
[Round "6.11"]
[Result "1/2-1/2"]
[White "Johan-Sebastian Christiansen"]
[Black "Alexander Donchenko"]
[WhiteElo "2429"]
[BlackElo "2554"]
[PlyCount "61"]

1. e4 c5 2. Nf3 d6 3. Bb5+ Nd7 4. O-O a6 5. Bd3 g6 6. c3 Bg7
7. Bc2 Ngf6 8. d4 O-O 9. e5 dxe5 10. dxe5 Ng4 11. e6 fxe6
12. h3 Nh6 13. Bb3 Nf7 14. Bxe6 Ne5 15. Ng5 Qb6 16. Qd5 Bf6
17. Re1 Bxg5 18. Bxf7+ Nxf7 19. Bxg5 Qxb2 20. Bxe7 Qxa1
21. Bxf8 Kxf8 22. Qxc5+ Kg7 23. Qd4+ Kf8 24. Qb4+ Kg7 25. g4
Qxa2 26. Re8 Bf5 27. Qf8+ Kf6 28. Qe7+ Kg7 29. Qf8+ Kf6
30. Qe7+ Kg7 31. Qf8+ 1/2-1/2

[Event "Reykjavik Open"]
[Site "Reykjavik ISL"]
[Date "2017.04.23"]
[EventDate "2017.04.19"]
[Round "6.12"]
[Result "1/2-1/2"]
[White "Helgi Dam Ziska"]
[Black "Jakob Pfreundt"]
[WhiteElo "2553"]
[BlackElo "2392"]
[PlyCount "54"]

1. e4 e5 2. Nc3 Nf6 3. Bc4 Nxe4 4. Qh5 Nd6 5. Bb3 Be7 6. Nf3
Nc6 7. Nxe5 g6 8. Qe2 Nd4 9. Qd1 Bf6 10. Ng4 Bg7 11. O-O O-O
12. Ne3 c6 13. Ne2 N6b5 14. Nxd4 Nxd4 15. c3 Nxb3 16. axb3 d5
17. d4 Re8 18. b4 a6 19. Re1 Bd7 20. Nf1 Qh4 21. Be3 Bg4
22. Qd2 h6 23. Bf4 Bf8 24. Bg3 Qg5 25. Bf4 Qh4 26. Bg3 Qg5
27. Bf4 Qh4 1/2-1/2

[Event "Reykjavik Open"]
[Site "Reykjavik ISL"]
[Date "2017.04.23"]
[EventDate "2017.04.19"]
[Round "6.13"]
[Result "1/2-1/2"]
[White "Bjorn Ahlander"]
[Black "Joshua E Friedel"]
[WhiteElo "2416"]
[BlackElo "2524"]
[PlyCount "62"]

1. d4 Nf6 2. c4 e6 3. Nf3 Bb4+ 4. Nbd2 O-O 5. g3 b6 6. Bg2 Bb7
7. O-O d5 8. cxd5 Bxd5 9. Qc2 Bxd2 10. Bxd2 Nbd7 11. b4 c5
12. dxc5 bxc5 13. bxc5 Rc8 14. Rfc1 Nxc5 15. Be3 Nce4 16. Qxc8
Qxc8 17. Rxc8 Rxc8 18. Bxa7 Ra8 19. Bd4 Rxa2 20. Rxa2 Bxa2
21. Bxf6 Nxf6 22. Ne5 Bd5 23. f3 Ne8 24. e4 Ba2 25. Kf2 f6
26. Nd3 Bc4 27. Nb2 Bb5 28. Bf1 Bxf1 29. Kxf1 Nd6 30. Ke2 Kf7
31. Ke3 e5 1/2-1/2

[Event "Reykjavik Open"]
[Site "Reykjavik ISL"]
[Date "2017.04.23"]
[EventDate "2017.04.19"]
[Round "6.14"]
[Result "1/2-1/2"]
[White "Michael Kleinman"]
[Black "Pierre Bailet"]
[WhiteElo "2289"]
[BlackElo "2510"]
[PlyCount "111"]

1. e4 c5 2. Nf3 Nc6 3. Bb5 g6 4. Bxc6 bxc6 5. O-O Bg7 6. Re1
Nh6 7. c3 O-O 8. h3 f5 9. e5 Nf7 10. d3 Ba6 11. Na3 e6 12. h4
d6 13. Bg5 Qd7 14. exd6 Qxd6 15. Nc4 Qd5 16. Qe2 Rfe8 17. Nce5
Nxe5 18. Nxe5 Bxe5 19. c4 Bh2+ 20. Kxh2 Qd4 21. Qe5 Rab8
22. b3 Rb7 23. Qxd4 cxd4 24. Re5 Rd7 25. Rae1 Kf7 26. Ra5 Bc8
27. Bf4 a6 28. Rc5 Bb7 29. Kg3 Rh8 30. Rce5 Re7 31. Bg5 Ree8
32. Bc1 Bc8 33. Rc5 Bb7 34. Bf4 Rd8 35. Rce5 Rhe8 36. f3 Ra8
37. Bd2 Rac8 38. Rc5 Kg7 39. Bf4 Rcd8 40. Be5+ Kf7 41. Bf4 Kg7
42. Kf2 Kf7 43. Rh1 Rg8 44. Bg5 Ra8 45. Kg3 Rh8 46. Bh6 Kf6
47. Kf4 Kf7 48. h5 Rag8 49. g3 gxh5 50. Bg5 Kg6 51. Re1 Re8
52. Bh4 Rhf8 53. Rce5 Bc8 54. Rc5 Bb7 55. Rce5 Bc8 56. Rc5
1/2-1/2

[Event "Reykjavik Open"]
[Site "Reykjavik ISL"]
[Date "2017.04.23"]
[EventDate "2017.04.19"]
[Round "6.15"]
[Result "1-0"]
[White "Ramesh Babu Vaishali"]
[Black "Eugene Perelshteyn"]
[WhiteElo "2259"]
[BlackElo "2509"]
[PlyCount "105"]

1. e4 c5 2. Nf3 d6 3. c3 Nf6 4. Be2 Nbd7 5. d3 b6 6. O-O Bb7
7. Nbd2 g6 8. Re1 Bg7 9. Bf1 O-O 10. d4 Qc7 11. Bd3 cxd4
12. cxd4 e5 13. d5 Nc5 14. Bc2 a5 15. a4 Na6 16. Ra3 Nd7
17. Bd3 Nb4 18. Bb5 Nc5 19. Nb3 h6 20. Nxc5 bxc5 21. Bc4 Kh7
22. Bd2 Qd8 23. Rae3 f5 24. exf5 gxf5 25. Bc3 Qd7 26. Nh4 Ba6
27. b3 Bxc4 28. bxc4 Qf7 29. Rg3 f4 30. Rg6 f3 31. Qb1 Kg8
32. Nxf3 Rad8 33. Bd2 Qf5 34. Bxh6 Kh7 35. Rxg7+ Kxh6 36. Qxf5
Rxf5 37. Rg4 Rb8 38. Rb1 Rbf8 39. Rb3 Rf4 40. Nxe5 Rxg4
41. Nxg4+ Kg5 42. Rg3 Rf4 43. Ne3+ Kf6 44. Rg4 Rxg4 45. Nxg4+
Kg5 46. Ne3 Nd3 47. Nd1 Ne5 48. Nb2 Kf4 49. h4 Ke4 50. h5 Kd4
51. h6 Kc3 52. h7 Ng6 53. f4 1-0

[Event "Reykjavik Open"]
[Site "Reykjavik ISL"]
[Date "2017.04.23"]
[EventDate "2017.04.19"]
[Round "6.16"]
[Result "1-0"]
[White "Magesh Chandran Panchanathan"]
[Black "Tatev Abrahamyan"]
[WhiteElo "2494"]
[BlackElo "2364"]
[PlyCount "103"]

1. d4 Nf6 2. Nf3 e6 3. g3 b6 4. Bg2 Bb7 5. O-O Be7 6. c4 O-O
7. Bf4 c5 8. Nc3 cxd4 9. Nxd4 Bxg2 10. Kxg2 a6 11. Qd3 d6
12. Nf3 Qc7 13. Rfd1 Rd8 14. Rd2 Nc6 15. Rad1 h6 16. h3 Rac8
17. Ne4 Ne5 18. Nxf6+ Bxf6 19. Bxe5 dxe5 20. Qc2 e4 21. Rxd8+
Rxd8 22. Rxd8+ Qxd8 23. Qxe4 Bxb2 24. Qb7 Bf6 25. Qxa6 Qc7
26. Qb5 Kh7 27. a4 Bc3 28. e3 Qd6 29. e4 Qc7 30. h4 g6 31. h5
g5 32. Qb3 Ba1 33. Qb1 Bc3 34. Qd3 Ba1 35. Nh2 Qc6 36. Qf3 Qc7
37. Ng4 Kg7 38. Kh2 Qc6 39. Qd1 Bb2 40. Qe2 Bd4 41. Qd3 Qc5
42. Kg2 Bb2 43. Qb3 Bd4 44. Qd3 Bb2 45. Qf3 Qc7 46. Qb3 Bd4
47. e5 Ba1 48. Kh2 Qc6 49. Qe3 Qxc4 50. Qf3 Kf8 51. Nxh6 Qc7
52. Qa8+ 1-0

[Event "Reykjavik Open"]
[Site "Reykjavik ISL"]
[Date "2017.04.23"]
[EventDate "2017.04.19"]
[Round "6.18"]
[Result "1-0"]
[White "Erwin L'Ami"]
[Black "Eesha Karavade"]
[WhiteElo "2614"]
[BlackElo "2405"]
[PlyCount "99"]

1. d4 Nf6 2. c4 e6 3. Nc3 Bb4 4. Nf3 d5 5. Bg5 h6 6. Bxf6 Qxf6
7. Qa4+ Nc6 8. e3 O-O 9. Rc1 Qg6 10. Qc2 Qxc2 11. Rxc2 dxc4
12. Bxc4 Bd7 13. Ke2 Bd6 14. Rd1 Rfd8 15. Ne4 Ne7 16. Rdc1 Bc6
17. Nfd2 e5 18. Nxd6 cxd6 19. dxe5 dxe5 20. f3 Bd5 21. a3
Bxc4+ 22. Nxc4 Nc6 23. b4 Rd5 24. Rd1 Rxd1 25. Kxd1 Rd8+
26. Rd2 f6 27. b5 Rxd2+ 28. Kxd2 Nd8 29. Nd6 Kf8 30. Kc3 Ke7
31. Nf5+ Kf7 32. Kc4 h5 33. Kd5 g6 34. Nd6+ Ke7 35. Nc8+ Kd7
36. Nxa7 Nf7 37. a4 Nd6 38. e4 Nf7 39. a5 Nd8 40. a6 Ne6
41. axb7 Nf4+ 42. Kc4 Kc7 43. g3 Ne2 44. Kd3 Ng1 45. Ke3 g5
46. Nc6 Kxb7 47. Ne7 g4 48. fxg4 hxg4 49. Nd5 Nf3 50. h4 1-0

[Event "Reykjavik Open"]
[Site "Reykjavik ISL"]
[Date "2017.04.23"]
[EventDate "2017.04.19"]
[Round "6.24"]
[Result "1-0"]
[White "Bjorn Thorfinnsson"]
[Black "Gudmundur Kjartansson"]
[WhiteElo "2413"]
[BlackElo "2468"]
[PlyCount "103"]

1. c4 b6 2. e4 Bb7 3. Nc3 e5 4. Nf3 Nc6 5. Be2 Bc5 6. O-O d6
7. d3 Nge7 8. Be3 O-O 9. d4 exd4 10. Nxd4 Nxd4 11. Bxd4 Nc6
12. Bxc5 bxc5 13. Bd3 Re8 14. Re1 Rb8 15. Re3 Nd4 16. Qd2 Qg5
17. Rd1 f5 18. Kh1 f4 19. Ree1 Qf6 20. f3 Re5 21. Bf1 Bc6
22. Rb1 a5 23. Nb5 Bxb5 24. cxb5 Ra8 25. Rbc1 Qh4 26. Red1 Rh5
27. h3 Qg3 28. Rc3 h6 29. Rd3 Kh8 30. a4 Qg5 31. Rc1 Qe5
32. Rxd4 cxd4 33. Rxc7 d5 34. Rc5 Qe8 35. Qxf4 dxe4 36. Rxh5
Qxh5 37. Qxe4 Qe8 38. Qxd4 Rd8 39. Qe4 Qxe4 40. fxe4 Rd4
41. b3 Rxe4 42. Bc4 Re1+ 43. Kh2 Rd1 44. b6 Rd6 45. b7 Rb6
46. Ba6 Kh7 47. b4 axb4 48. Bd3+ g6 49. Be4 b3 50. a5 Rb4
51. a6 b2 52. Bb1 1-0

[Event "Reykjavik Open"]
[Site "Reykjavik ISL"]
[Date "2017.04.23"]
[EventDate "2017.04.19"]
[Round "6.25"]
[Result "1-0"]
[White "Tuvshintugs Batchimeg"]
[Black "Ogulcan Kanmazalp"]
[WhiteElo "2394"]
[BlackElo "2448"]
[PlyCount "159"]

1. d4 d5 2. c4 e6 3. Nc3 c6 4. cxd5 exd5 5. Nf3 Nf6 6. Qc2 g6
7. Bg5 Be7 8. e3 Bf5 9. Bd3 Bxd3 10. Qxd3 Nbd7 11. O-O O-O
12. Nd2 Re8 13. h3 a5 14. Rac1 Nb6 15. Qc2 Nc8 16. Na4 Nd7
17. Bxe7 Rxe7 18. Nc5 Nd6 19. Qd3 Nf6 20. Rfe1 Qe8 21. a4 Qd8
22. Qc3 Nd7 23. b4 axb4 24. Qxb4 Qa5 25. Qxa5 Rxa5 26. Ndb3
Ra7 27. Nxd7 Rxd7 28. Nc5 Re7 29. Rb1 Kf8 30. Rb4 Ke8 31. Reb1
Kd8 32. g4 Kc8 33. Kg2 Nc4 34. Rc1 Nd6 35. Rcb1 Kc7 36. R1b3
Re8 37. Rb1 Rb8 38. Rc1 Rba8 39. Rcb1 Rb8 40. Rc1 Rh8 41. Rcb1
Re8 42. R1b3 h6 43. Rb1 Rb8 44. Rc1 g5 45. Rc2 b6 46. Nd3 f6
47. Nb2 Kd7 48. Nd1 Rab7 49. Nb2 c5 50. Rb3 c4 51. Rb4 b5
52. Nd1 Kc6 53. Nc3 Ra8 54. e4 dxe4 55. axb5+ Kd7 56. Nd5 Rab8
57. Nc3 h5 58. Re2 hxg4 59. hxg4 Re8 60. Nd5 Ke6 61. Nc3 f5
62. gxf5+ Kxf5 63. b6 g4 64. Nd5 Reb8 65. Ne3+ Kf4 66. Nd5+
Kf5 67. Kg3 Ke6 68. Nf4+ Kd7 69. Reb2 Kc6 70. Ne6 Kd5 71. Nc7+
Kxd4 72. Na6 Rf8 73. Rd2+ Ke5 74. Nc5 Rbf7 75. b7 Rb8 76. Rb6
c3 77. Rdxd6 c2 78. Re6+ Kf5 79. Nb3 Rc7 80. Nd4+ 1-0

[Event "Reykjavik Open"]
[Site "Reykjavik ISL"]
[Date "2017.04.23"]
[EventDate "2017.04.19"]
[Round "6.29"]
[Result "1/2-1/2"]
[White "Frank Buchenau"]
[Black "Throstur Thorhallsson"]
[WhiteElo "2275"]
[BlackElo "2423"]
[PlyCount "86"]

1. e4 e6 2. d4 d5 3. Nd2 c5 4. exd5 Qxd5 5. Ngf3 cxd4 6. Bc4
Qd6 7. O-O Nf6 8. Nb3 Nc6 9. Nbxd4 Nxd4 10. Qxd4 Qxd4 11. Nxd4
a6 12. Be2 Bc5 13. Nb3 Bd6 14. Be3 Ke7 15. Bf3 Nd7 16. Rad1
Ne5 17. Be2 Nc6 18. Rd2 f6 19. Rfd1 Be5 20. Nd4 Nxd4 21. Bxd4
Bxd4 22. Rxd4 b5 23. f4 Ra7 24. c4 bxc4 25. Bxc4 Rc7 26. Re1
Rc6 27. Rde4 g6 28. g4 f5 29. gxf5 gxf5 30. Rd4 Rg8+ 31. Kf2
Rg4 32. h3 Rg6 33. Re5 Bb7 34. Bf1 Rc2+ 35. Re2 Rc1 36. Re1
Rc2+ 37. Re2 Rc5 38. Red2 Bd5 39. b4 Rc3 40. R2d3 Rc2+ 41. Rd2
Rc3 42. R2d3 Rc2+ 43. Rd2 Rc3 1/2-1/2

[Event "Reykjavik Open"]
[Site "Reykjavik ISL"]
[Date "2017.04.23"]
[EventDate "2017.04.19"]
[Round "6.30"]
[Result "0-1"]
[White "Rajdeep Sarkar"]
[Black "Kidambi Sundararajan"]
[WhiteElo "2273"]
[BlackElo "2422"]
[PlyCount "186"]

1. d4 Nf6 2. Nf3 g6 3. Nbd2 Bg7 4. e4 d6 5. g3 O-O 6. Bg2 Nbd7
7. O-O e5 8. c3 b6 9. Re1 Bb7 10. Qc2 Re8 11. b3 exd4 12. cxd4
c5 13. Bb2 cxd4 14. Nxd4 Rc8 15. Qb1 Nc5 16. Nb5 Qd7 17. a4
Nfxe4 18. Nxe4 Bxb2 19. Nxc5 Rxe1+ 20. Qxe1 Rxc5 21. Rd1 Bxg2
22. Kxg2 d5 23. Qd2 Bf6 24. Qf4 Kg7 25. Nd4 Rc8 26. Rd3 Re8
27. Qd2 Re4 28. Ne2 d4 29. f3 Re8 30. Nxd4 Rd8 31. Nf5+ Qxf5
32. Rxd8 Bxd8 33. Qxd8 Qc2+ 34. Kh3 Qxb3 35. Qd4+ f6 36. Qd7+
Qf7 37. Qc6 Qe7 38. g4 Qe3 39. Kg2 Qe2+ 40. Kg3 Qe5+ 41. Kg2
Qe7 42. Kh3 g5 43. Kg2 h5 44. gxh5 Kh6 45. Qc8 Kxh5 46. Qh8+
Kg6 47. Qg8+ Qg7 48. Qe8+ Qf7 49. Qe4+ Kg7 50. h4 gxh4
51. Qxh4 Qd5 52. Qb4 Kf7 53. Kg3 Ke6 54. Kg2 Qg5+ 55. Kf1 Qc1+
56. Kg2 Qc2+ 57. Kg3 Qc5 58. Qb3+ Qd5 59. Qc2 Qg5+ 60. Kh2 Kd6
61. Qd3+ Qd5 62. Qa6 Qe5+ 63. Kg2 Qe7 64. Qd3+ Kc7 65. Qc4+
Kd8 66. Qa6 Qd7 67. Kg3 Ke7 68. Kf4 Qc7+ 69. Kg4 Ke6 70. Qe2+
Qe5 71. Qc4+ Ke7 72. Qa6 Qd4+ 73. Kg3 Qd6+ 74. Kg2 Qd7 75. Kg3
f5 76. Qe2+ Kf6 77. Qb2+ Kg6 78. Qb3 Qc7+ 79. Kg2 Kf6 80. Qd3
Qe7 81. Qd2 Kg6 82. Qd5 Qf7 83. Qc6+ Kh5 84. Kg3 Qg6+
85. Qxg6+ Kxg6 86. Kf4 Kf6 87. Ke3 Ke5 88. f4+ Kd5 89. Kd3 a6
90. Ke3 Kc4 91. Kf3 b5 92. axb5 axb5 93. Ke3 Kc3 0-1

[Event "Reykjavik Open"]
[Site "Reykjavik ISL"]
[Date "2017.04.23"]
[EventDate "2017.04.19"]
[Round "6.31"]
[Result "0-1"]
[White "Eivind Olav Risting"]
[Black "Erik Blomqvist"]
[WhiteElo "2250"]
[BlackElo "2548"]
[PlyCount "98"]

1. d4 d5 2. c4 e6 3. Nc3 Nf6 4. Bg5 Be7 5. cxd5 exd5 6. Qc2 c6
7. e3 Nbd7 8. Bd3 Nh5 9. Bxe7 Qxe7 10. Nge2 g6 11. O-O-O Nb6
12. Kb1 Ng7 13. h3 Bf5 14. Rc1 Bxd3 15. Qxd3 O-O-O 16. Rc2 Kb8
17. b3 Ne8 18. Rhc1 Nc7 19. Nf4 Nc8 20. Na4 Nd6 21. Nc5 g5
22. Ne2 h5 23. Qd2 h4 24. Nc3 Rhe8 25. Re1 f6 26. Qd1 Qh7
27. Kb2 Re7 28. a4 Rde8 29. Rce2 b6 30. Nd3 a5 31. Qc2 Na6
32. Rc1 Rc8 33. Qd1 Rec7 34. Rec2 Qf5 35. Qf1 c5 36. Nb5 Nxb5
37. axb5 Nb4 38. Nxb4 axb4 39. dxc5 Qe5+ 40. Kb1 Ra7 41. Rb2
bxc5 42. Qd3 Kb7 43. f3 Kb6 44. Rcc2 Ra3 45. f4 gxf4 46. exf4
Qe1+ 47. Rc1 Ra1+ 48. Kxa1 Qxc1+ 49. Rb1 Qa3# 0-1

[Event "Reykjavik Open"]
[Site "Reykjavik ISL"]
[Date "2017.04.23"]
[EventDate "2017.04.19"]
[Round "6.33"]
[Result "0-1"]
[White "Alan J Walton"]
[Black "Eugenio Torre"]
[WhiteElo "2199"]
[BlackElo "2455"]
[PlyCount "130"]

1. d4 Nf6 2. Bg5 e6 3. e4 d6 4. Nc3 Nbd7 5. Nf3 Be7 6. Bc4
Nxe4 7. Nxe4 d5 8. Bxe7 Qxe7 9. Ned2 dxc4 10. Nxc4 b6 11. O-O
Ba6 12. b3 O-O 13. Re1 Bxc4 14. bxc4 Qd6 15. Qe2 Rfd8 16. c3
c5 17. Rad1 cxd4 18. cxd4 Qb4 19. Rb1 Qa4 20. Rb3 Rac8 21. Rc3
Qa5 22. Qb2 Rc7 23. h3 Qf5 24. Qa3 Rdc8 25. d5 exd5 26. Nd4
Qf4 27. Nb5 Rxc4 28. Rf3 Qd2 29. Re7 Nf6 30. Rxa7 Qe1+ 31. Kh2
Rc1 32. Qe7 Qxe7 33. Rxe7 Ra1 34. Ra3 h5 35. Raa7 h4 36. Rxf7
Nh5 37. Rf5 Nf6 38. Rg5 Rcc1 39. Raxg7+ Kf8 40. g3 Rxa2
41. gxh4 Rxf2+ 42. Rg2 Rxg2+ 43. Rxg2 Rb1 44. Nd4 b5 45. Rf2
Kg7 46. Nf5+ Kf7 47. h5 b4 48. h6 b3 49. Ne3 Kg6 50. h7 Nxh7
51. Nxd5 Ng5 52. Nf4+ Kf5 53. Nd3+ Ke4 54. Rb2 Rxb2+ 55. Nxb2
Kd4 56. h4 Ne4 57. h5 Nf6 58. h6 Ng4+ 59. Kg2 Nxh6 60. Kf2 Kc3
61. Nd1+ Kd2 62. Nb2 Nf7 63. Kf3 Nd6 64. Kf4 Kc2 65. Na4 Nb7
0-1

[Event "Reykjavik Open"]
[Site "Reykjavik ISL"]
[Date "2017.04.23"]
[EventDate "2017.04.19"]
[Round "6.36"]
[Result "1/2-1/2"]
[White "Lars Laustsen"]
[Black "Soumya Swaminathan"]
[WhiteElo "2169"]
[BlackElo "2349"]
[PlyCount "107"]

1. d4 d5 2. c4 c6 3. Nf3 Nf6 4. e3 Bg4 5. h3 Bh5 6. g4 Bg6
7. Ne5 e6 8. Nd2 Nbd7 9. Nxg6 hxg6 10. Bg2 Bd6 11. Qb3 Qc7
12. e4 Nxe4 13. Nxe4 dxe4 14. Bxe4 e5 15. Be3 exd4 16. Bxd4
O-O-O 17. O-O-O Nc5 18. Qf3 Nxe4 19. Qxe4 Rhe8 20. Qf3 f6
21. Rd3 Qa5 22. Kb1 Bc5 23. Bc3 Qb6 24. Rhd1 Bxf2 25. Kc2 Bh4
26. Rxd8+ Rxd8 27. Rxd8+ Qxd8 28. Qe4 g5 29. Qe6+ Qd7 30. Qg8+
Kc7 31. c5 Bf2 32. Ba5+ b6 33. cxb6+ axb6 34. Bb4 c5 35. Bc3
Qa4+ 36. Kd2 Qd7+ 37. Kc2 Kb7 38. Qc4 b5 39. Qe4+ Kb6 40. Qa8
b4 41. Qb8+ Qb7 42. Qd8+ Qc7 43. Bxf6 gxf6 44. Qxf6+ Qc6
45. Qxf2 Qa4+ 46. Kc1 Qxa2 47. Qf6+ Kb5 48. Qxg5 Qc4+ 49. Kd2
Qd4+ 50. Kc1 Qc4+ 51. Kd2 Qd4+ 52. Kc1 Qc4+ 53. Kd2 Qd4+
54. Kc1 1/2-1/2

[Event "Reykjavik Open"]
[Site "Reykjavik ISL"]
[Date "2017.04.23"]
[EventDate "2017.04.19"]
[Round "6.39"]
[Result "1-0"]
[White "Gudmundur Gislason"]
[Black "Alexander A Yakimenko"]
[WhiteElo "2314"]
[BlackElo "2145"]
[PlyCount "101"]

1. d4 e6 2. Nf3 Nf6 3. g3 b6 4. Bg2 Bb7 5. O-O d6 6. c4 Nbd7
7. Nc3 Be7 8. Qc2 O-O 9. e4 g6 10. h3 Nh5 11. Bh6 Re8 12. g4
Ng7 13. Rad1 Qc8 14. Qd2 a6 15. Qf4 c5 16. e5 cxd4 17. Qxd4
Nxe5 18. Nxe5 dxe5 19. Qxe5 f6 20. Bxb7 Qxb7 21. Qe2 e5
22. Nd5 Ne6 23. g5 Kf7 24. gxf6 Bd6 25. Qe4 Nc5 26. Qh4 Rad8
27. Be3 h5 28. b4 Nd7 29. Qg5 Bf8 30. Qg2 Qc6 31. Nxb6 e4
32. Nxd7 Rxd7 33. Rxd7+ Qxd7 34. c5 Qe6 35. Rd1 Qxa2 36. Qg5
Qe6 37. Qd5 Qxd5 38. Rxd5 Ke6 39. Rd2 Kxf6 40. Rd7 Rb8 41. c6
Bxb4 42. c7 Rc8 43. Bb6 Be7 44. Rd8 Rxd8 45. cxd8=Q Bxd8
46. Bxd8+ Kf5 47. Kf1 g5 48. Ke2 g4 49. h4 Ke6 50. Ke3 Ke5
51. Ba5 1-0

[Event "Reykjavik Open"]
[Site "Reykjavik ISL"]
[Date "2017.04.23"]
[EventDate "2017.04.19"]
[Round "6.40"]
[Result "1/2-1/2"]
[White "Luca Barillaro"]
[Black "Oliver Kniest"]
[WhiteElo "2164"]
[BlackElo "2301"]
[PlyCount "104"]

1. g3 c5 2. c4 g6 3. Bg2 Bg7 4. Nf3 Nc6 5. Nc3 e5 6. O-O Nge7
7. Ne1 d6 8. Nc2 Be6 9. Ne3 Qd7 10. Rb1 Bh3 11. d3 h5 12. Ne4
Bxg2 13. Nxg2 b6 14. Bg5 Qe6 15. Bxe7 Nxe7 16. Qa4+ Kf8 17. h4
Bh6 18. e3 Kg7 19. Qd1 Rad8 20. b4 cxb4 21. Rxb4 d5 22. cxd5
Qxd5 23. Qa1 Nc6 24. Rb3 Rhe8 25. Rd1 f5 26. Nc3 Qf7 27. d4
exd4 28. Nb5 Kg8 29. Nxd4 Nxd4 30. exd4 Qd5 31. Qb2 Re4
32. Rbd3 Kh7 33. Qb3 Bg7 34. Qa4 Rxd4 35. Rxd4 Bxd4 36. Ne3
Qd7 37. Qc4 Qg7 38. Kh2 Bf6 39. Rxd8 Bxd8 40. Qe6 Qe7 41. Qc8
f4 42. gxf4 Qxh4+ 43. Kg2 Qe7 44. f5 gxf5 45. Qxf5+ Kh6
46. Qd3 Qg5+ 47. Kf1 h4 48. Nf5+ Kh5 49. Qe2+ Kg6 50. Qe6+ Bf6
51. Ne7+ Kg7 52. Nf5+ Kg6 1/2-1/2

[Event "Reykjavik Open"]
[Site "Reykjavik ISL"]
[Date "2017.04.23"]
[EventDate "2017.04.19"]
[Round "6.42"]
[Result "1-0"]
[White "Vera Nebolsina"]
[Black "Johann Ingvason"]
[WhiteElo "2285"]
[BlackElo "2121"]
[PlyCount "95"]

1. e4 c6 2. d4 d5 3. e5 Bf5 4. h4 h5 5. Bd3 Bxd3 6. Qxd3 e6
7. Bg5 Qa5+ 8. Nd2 c5 9. dxc5 Bxc5 10. Ne2 Nc6 11. O-O Nxe5
12. Qg3 Ng6 13. c4 N8e7 14. Nb3 Qb6 15. cxd5 Bd6 16. Qf3 Nxd5
17. Ned4 Be7 18. Rfe1 Rd8 19. Bd2 Bb4 20. Rad1 Bxd2 21. Rxd2
Nde7 22. a4 Rd5 23. Nb5 Rxd2 24. Nxd2 a6 25. Nc4 Qc6 26. Nbd6+
Kd7 27. Qxf7 b5 28. Rxe6 bxc4 29. Rxg6 Qd5 30. Qxd5 Nxd5
31. Nxc4 Nf4 32. Rxa6 Re8 33. g3 Re1+ 34. Kh2 Ne6 35. Rb6 Rc1
36. b3 Nc5 37. a5 Ra1 38. b4 Ne4 39. Kg2 Ra2 40. Kf3 Nxf2
41. Ne5+ Ke7 42. a6 Nd1 43. a7 Rf2+ 44. Ke4 Re2+ 45. Kd3 Ra2
46. Nc6+ Kd7 47. Na5 Nb2+ 48. Kd4 1-0

[Event "Reykjavik Open"]
[Site "Reykjavik ISL"]
[Date "2017.04.23"]
[EventDate "2017.04.19"]
[Round "6.43"]
[Result "1-0"]
[White "Sigurbjorn Bjornsson"]
[Black "Axel Fehr"]
[WhiteElo "2279"]
[BlackElo "2102"]
[PlyCount "95"]

1. e4 Nf6 2. e5 Nd5 3. d4 d6 4. c4 Nb6 5. exd6 exd6 6. Nc3 Be7
7. Bd3 O-O 8. Nge2 Nc6 9. O-O Bf6 10. Be3 d5 11. c5 Nc4
12. Bxc4 dxc4 13. Qa4 Be6 14. Rad1 Ne7 15. Nf4 Bg4 16. f3 Bd7
17. Qxc4 Nf5 18. Bf2 b5 19. Qd3 g6 20. b3 b4 21. Ne4 Bh8
22. d5 a5 23. Rfe1 Bc8 24. Ng3 Bc3 25. Nxf5 Bxf5 26. Qc4 Bxe1
27. Bxe1 Re8 28. Bf2 Qg5 29. Qd4 Rad8 30. d6 c6 31. h4 Qh6
32. Qf6 Qg7 33. Bd4 Qxf6 34. Bxf6 Rd7 35. g4 Be6 36. Re1 Ra7
37. Nd3 Kf8 38. Ne5 Rc8 39. Re4 Rb7 40. Kf2 Ra7 41. Ke3 Rb7
42. Kd4 Ra7 43. Re1 Rb7 44. f4 Ra7 45. h5 gxh5 46. f5 Bd7
47. Rh1 Kg8 48. Rxh5 1-0

[Event "Reykjavik Open"]
[Site "Reykjavik ISL"]
[Date "2017.04.23"]
[EventDate "2017.04.19"]
[Round "6.44"]
[Result "0-1"]
[White "Bragi Halldorsson"]
[Black "Damien Le Goff"]
[WhiteElo "2110"]
[BlackElo "2278"]
[PlyCount "90"]

1. d4 Nf6 2. Nf3 c5 3. e3 g6 4. c4 Bg7 5. Nc3 O-O 6. Be2 cxd4
7. exd4 d5 8. c5 b6 9. cxb6 axb6 10. O-O Bb7 11. Bf4 Nc6
12. Nb5 Rc8 13. Ne5 Nxe5 14. Bxe5 Ne4 15. Bf4 g5 16. Be3 h6
17. f3 Nd6 18. Nxd6 Qxd6 19. f4 gxf4 20. Rxf4 e5 21. Rh4 e4
22. Qd2 Kh7 23. Rf1 f5 24. Rhf4 Qg6 25. Qd1 Rcd8 26. Bh5 Qe6
27. Kh1 Bc8 28. a4 Qd6 29. Qd2 Bd7 30. b3 Rc8 31. Bd1 Be6
32. Rh4 Bd7 33. Bf4 Qe6 34. Qf2 Rc6 35. Rh3 Rg8 36. Qd2 Bf8
37. Be2 Rc8 38. Rc1 Bg7 39. Bb5 Rxc1+ 40. Qxc1 Bxb5 41. axb5
Rc8 42. Qd2 Ra8 43. Qc1 Qf6 44. Be5 Qg5 45. Qb2 Ra2 0-1

[Event "Reykjavik Open"]
[Site "Reykjavik ISL"]
[Date "2017.04.23"]
[EventDate "2017.04.19"]
[Round "6.47"]
[Result "1/2-1/2"]
[White "Dale R Haessel"]
[Black "Akshita Gorti"]
[WhiteElo "2095"]
[BlackElo "2261"]
[PlyCount "92"]

1. d4 e6 2. c4 Nf6 3. Nc3 Bb4 4. e3 O-O 5. Ne2 d5 6. a3 Be7
7. cxd5 exd5 8. g3 a5 9. Bg2 Na6 10. O-O c6 11. Nf4 Re8 12. f3
Nc7 13. Re1 c5 14. Kh1 b6 15. b3 Ne6 16. Nfxd5 Nxd5 17. Nxd5
cxd4 18. exd4 Bb7 19. Nxe7+ Rxe7 20. Ra2 Rd7 21. Be3 Rc8
22. Rd2 Bd5 23. Rc2 Rdc7 24. Rxc7 Qxc7 25. f4 Qc6 26. Qe2 g6
27. Kg1 Qd6 28. Rc1 Rd8 29. f5 gxf5 30. Qb5 Bxg2 31. Kxg2 Nxd4
32. Qc4 Qe5 33. Bxd4 Rxd4 34. Re1 Qxe1 35. Qxd4 Qe4+ 36. Qxe4
fxe4 37. g4 Kg7 38. Kg3 Kf6 39. Kf4 e3 40. Kxe3 Kg5 41. Kf3
Kh4 42. Kf4 Kh3 43. g5 Kxh2 44. a4 Kg2 45. Kg4 Kf2 46. Kf4 Kg2
1/2-1/2